Manual para encuestadores : fundamentos del trabajo de campo, aspectos prácticos /
Uloženo v:
| Hlavní autor: | |
|---|---|
| Další autoři: | , |
| Médium: | Kniha |
| Jazyk: | španělština |
| Vydáno: |
Barcelona, España :
Ariel,
1996, c1996
|
| Edice: | (Ariel Practicum)
|
| Témata: | |
| Tagy: |
Žádné tagy, Buďte první, kdo vytvoří štítek k tomuto záznamu!
|
MARC
| LEADER | 00000nam^a2200000^a^4500 | ||
|---|---|---|---|
| 001 | 000183497 | ||
| 005 | 20250521000000.0 | ||
| 009 | 20260310102044.556 | ||
| 020 | |a 84-344-2800-8 | ||
| 037 | |a Acervo ITESO - Biblioteca | ||
| 041 | |a ESP | ||
| 082 | |a 001. 4222 |b MAN | ||
| 100 | |a Manzano Arrondo, Vicente |e (autor) | ||
| 245 | 1 | 0 | |a Manual para encuestadores : |b fundamentos del trabajo de campo, aspectos prácticos / |c V. Manzano Arrondo, A.J. Rojas Tejada, J.S. Fernández Prados. |
| 264 | 4 | |a Barcelona, España : |b Ariel, |c 1996, c1996 | |
| 300 | |a 142 p. | ||
| 336 | |a texto |b txt |2 rdacontenido | ||
| 337 | |a sin mediación |b n |2 rdamedio | ||
| 338 | |a volumen |b nc |2 rdasoporte | ||
| 440 | 1 | |a (Ariel Practicum) | |
| 649 | |a XX | ||
| 650 | |a Encuesta | ||
| 650 | |a Muestreo (Estadística) | ||
| 650 | |a Recolección de Datos | ||
| 650 | |a Investigación - |x Metodología | ||
| 650 | |a Metodología | ||
| 700 | |a Rojas Tejada, Antonio J. |e (autor) | ||
| 700 | |a Fernández Prados, Juan Sebastián |e (autor) | ||
| 910 | |a Fondo General | ||
| 920 | |a Impresos - Libros | ||
| 930 | |a Colección General | ||
| 905 | |a 101 | ||
| 901 | |a 0500124053 |b IT1 |c ACC |u 20250521 | ||
| 902 | |a https://opac.biblio.iteso.mx/vufind/Record/000183497 | ||